000 00665nam a2200277Ia 4500
005 20260324134422.0
008 008 260324s9999 xx 000 0 eng d
020 _a9781315242545
037 _aEBOOK
040 _aCRL
040 _beng
040 _cCRL
041 _2eng
041 _aeng
084 _qCRL
100 _aPeter Jordan; Caroline Lloyd
_91196741
245 0 _aStaff Management in Library and Information Work
260 _bTaylor and Francis
260 _c2002
365 _a
365 _b230
856 _uhttp://www.taylorfrancis.com/books/9781315242545
942 _cEBOOK
999 _c1796820
_d1796820